000 00702nam a22002650a 4500
001 PT2509
003 AR-LpoUNG
005 20210131230452.0
008 191001suuuu||||sp |||||||||||||||||spa d
020 _a8424913329
_c$5.16
040 _aAR-LpoUNG
_bspa
_cAR-LpoUNG
_eaacr
041 _aspa
044 _asp
082 0 _aR410.03 822d
100 1 _aCorominas, Joan
245 1 0 _aBreve diccionario etimológico de la lengua castellana
260 _aMadrid :
_bGredos,
_cs.f.
300 _a627 p. :
_bil., mapas.
650 4 _aLEXICOGRAFIA
650 4 _aMATERIAL DE REFERENCIA
650 4 _aTERMINOLOGIA
651 4 _aDOCUMENTOS TEORICOS O METODOLOGICOS
905 _a2509
942 _cLSALA
999 _c3548
_d3548